[Event "GRE-chT 47th"]
[Site "Patras"]
[Date "2019.07.03"]
[Round "3.3"]
[White "Louka, Magdalini"]
[Black "Stratigi, Evangelia"]
[Result "0-1"]
[WhiteElo "1766"]
[BlackElo "1624"]
[PlyCount "52"]
[EventDate "2019.07.02"]
[EventType "team-swiss"]
[EventRounds "7"]
[EventCountry "GRE"]
[SourceTitle "CBM 191 Extra"]
[Source "ChessBase"]
[SourceDate "2019.09.30"]
[SourceVersion "1"]
[SourceVersionDate "2019.09.30"]
[SourceQuality "1"]
[WhiteTeam "Heraklion Attica"]
[BlackTeam "Chania OA"]
[WhiteTeamCountry "GRE"]
[BlackTeamCountry "GRE"]

1. e4 c5 2. Nf3 e6 3. d4 cxd4 4. Nxd4 Nc6 5. Nc3 Qc7 6. Be3 a6 7. Qd2 Nf6 8. f4 b5 9. e5 Ng4 10. Bg1 Bb4 11. 0-0-0 0-0 12. h3 Nh6 13. a3 Be7 14. Be3 Nxd4 15. Bxd4 Nf5 16. Bf2 b4 17. axb4 Bxb4 18. g4 Ne7 19. Bg2 Rb8 20. Qd3 Rd8 21. Ne4 Qa5 22. Kb1 Nd5 23. Be3 Bb7 24. Rhg1 Bc6 25. Bd2 Bxd2 26. Qxd2 Rxb2+ 0-1

[Event "GRE-chT 46th"]
[Site "Rio Achaia"]
[Date "2018.07.11"]
[Round "2.7"]
[White "Serpetsidaki, Eva"]
[Black "Stratigi, Evangelia"]
[Result "0-1"]
[WhiteElo "1591"]
[BlackElo "1688"]
[PlyCount "78"]
[EventDate "2018.07.10"]
[EventType "team"]
[EventRounds "7"]
[EventCountry "GRE"]
[SourceTitle "CBM 185 Extra"]
[Source "ChessBase"]
[SourceDate "2018.07.29"]
[SourceVersion "1"]
[SourceVersionDate "2018.07.29"]
[SourceQuality "1"]
[WhiteTeam "OFI"]
[BlackTeam "Chania OA"]
[WhiteTeamCountry "GRE"]
[BlackTeamCountry "GRE"]

1. e4 e5 2. Nf3 Nf6 3. Nxe5 d6 4. Nf3 Nxe4 5. d4 d5 6. Bd3 Bg4 7. 0-0 Be7 8. Re1 Nf6 9. h3 Bxf3 10. Qxf3 0-0 11. Bg5 c6 12. Nd2 Nbd7 13. Qg3 Re8 14. Re3 Nh5 15. Bxe7 Nxg3 16. Bxd8 Rxe3 17. fxe3 Rxd8 18. e4 dxe4 19. Nxe4 Nxe4 20. Bxe4 Nf6 21. Bd3 Rxd4 22. Re1 Kf8 23. Kf2 Rb4 24. b3 Rd4 25. Ke3 Rd6 26. Kf3 h6 27. a3 Re6 28. Rd1 Nd5 29. Bc4 Re5 30. Rd4 Ke7 31. Rg4 g5 32. h4 Ne3 33. Rd4 Nxc2 34. Rd2 Nxa3 35. hxg5 Nxc4 36. bxc4 hxg5 37. Ra2 a6 38. Rb2 b5 39. cxb5 axb5 0-1

[Event "GRE-chT 46th"]
[Site "Rio Achaia"]
[Date "2018.07.11"]
[Round "3.4"]
[White "Stratigi, Evangelia"]
[Black "Houhouli, Hristina"]
[Result "1-0"]
[WhiteElo "1688"]
[BlackElo "1439"]
[PlyCount "99"]
[EventDate "2018.07.10"]
[EventType "team"]
[EventRounds "7"]
[EventCountry "GRE"]
[SourceTitle "CBM 185 Extra"]
[Source "ChessBase"]
[SourceDate "2018.07.29"]
[SourceVersion "1"]
[SourceVersionDate "2018.07.29"]
[SourceQuality "1"]
[WhiteTeam "Chania OA"]
[BlackTeam "Triandrias OF"]
[WhiteTeamCountry "GRE"]
[BlackTeamCountry "GRE"]

1. e4 c5 2. Nf3 Nc6 3. Bb5 e6 4. Bxc6 bxc6 5. c3 d5 6. Qe2 Bd6 7. d3 Ne7 8. 0-0 0-0 9. e5 Bc7 10. Bg5 Qd7 11. Nbd2 h6 12. Be3 Bb6 13. Nb3 c4 14. dxc4 Ba6 15. Nbd2 Bxe3 16. Qxe3 dxc4 17. Rfd1 Qb7 18. Rab1 Rfd8 19. Qe4 Qb5 20. Qe2 Nf5 21. Ne4 Rd3 22. g4 Ne7 23. Nd6 Qc5 24. Ne1 Rd5 25. Rxd5 cxd5 26. b4 Qc7 27. Nc2 Nc8 28. Nxc8 Rxc8 29. Nd4 Qe7 30. a4 Qg5 31. b5 Bb7 32. h3 h5 33. f3 hxg4 34. fxg4 Qf4 35. Kg2 Qg5 36. Re1 Qe7 37. Qb2 Qh4 38. Qf2 Qxf2+ 39. Kxf2 Kh7 40. Ke3 Kg8 41. a5 a6 42. Rb1 Rc5 43. h4 Kf8 44. h5 Kg8 45. g5 Bc8 46. g6 fxg6 47. hxg6 Kf8 48. bxa6 Ke7 49. a7 Rxa5 50. Nc6+ 1-0

[Event "GRE-chT 45th"]
[Site "Achaia"]
[Date "2017.07.08"]
[Round "7.5"]
[White "Poulopoulou, Ekaterini"]
[Black "Stratigi, Evangelia"]
[Result "1/2-1/2"]
[WhiteElo "1707"]
[BlackElo "1593"]
[PlyCount "112"]
[EventDate "2017.07.03"]
[EventType "team-swiss"]
[EventRounds "7"]
[EventCountry "GRE"]
[SourceTitle "CBM 179 Extra"]
[Source "ChessBase"]
[SourceDate "2017.08.23"]
[SourceVersion "1"]
[SourceVersionDate "2017.08.23"]
[SourceQuality "1"]
[WhiteTeam "Panionios GA"]
[BlackTeam "Chania OA"]
[WhiteTeamCountry "GRE"]
[BlackTeamCountry "GRE"]

1. d4 d5 2. c4 c6 3. Nd2 Nf6 4. Ngf3 g6 5. g3 Bg7 6. Bg2 0-0 7. 0-0 Re8 8. Re1 Nbd7 9. cxd5 cxd5 10. b3 Nb8 11. Bb2 Nc6 12. Nf1 Qb6 13. Ne3 Rd8 14. Rf1 Ne4 15. Nc2 g5 16. h3 Bf5 17. e3 g4 18. hxg4 Bxg4 19. Qe1 Rd6 20. Nh2 Bf5 21. Qe2 Rh6 22. Ng4 Rg6 23. Nh2 Qc7 24. Ne1 Qd7 25. Nd3 Bh6 26. Nf4 Bxf4 27. exf4 Nb4 28. Rfd1 Rc8 29. Rac1 Rxc1 30. Rxc1 Nxa2 31. Ra1 Nac3 32. Bxc3 Nxc3 33. Qd2 Nb5 34. Re1 Re6 35. Rc1 Rc6 36. Nf3 Rxc1+ 37. Qxc1 f6 38. Qc5 b6 39. Qb4 Be4 40. Nh4 Bxg2 41. Kxg2 Kf7 42. Qd2 Qe6 43. Nf3 Qc6 44. Qd3 Kg7 45. Qf5 Nc3 46. Qg4+ Kh8 47. Nh4 e6 48. Qh5 Kg7 49. Qg4+ Kh8 50. Qh5 Kg7 51. Qg4+ Kf8 52. Qh5 Kg7 53. Qg4+ Kh8 54. Qh5 Kg7 55. Qg4+ Kh8 56. Qh5 Kg7 1/2-1/2

[Event "GRE-chT 45th"]
[Site "Achaia"]
[Date "2017.07.06"]
[Round "5.6"]
[White "Stratigi, Evangelia"]
[Black "Fragou, Maria V"]
[Result "1-0"]
[WhiteElo "1593"]
[BlackElo "1395"]
[PlyCount "71"]
[EventDate "2017.07.03"]
[EventType "team-swiss"]
[EventRounds "7"]
[EventCountry "GRE"]
[SourceTitle "CBM 179 Extra"]
[Source "ChessBase"]
[SourceDate "2017.08.23"]
[SourceVersion "1"]
[SourceVersionDate "2017.08.23"]
[SourceQuality "1"]
[WhiteTeam "Chania OA"]
[BlackTeam "Kalamata Poseidon"]
[WhiteTeamCountry "GRE"]
[BlackTeamCountry "GRE"]

1. e4 c6 2. Nf3 d5 3. exd5 cxd5 4. Ne5 Nf6 5. d4 Bf5 6. Bb5+ Nbd7 7. 0-0 a6 8. Ba4 b5 9. Bb3 e6 10. Bg5 Qc7 11. Nxd7 Nxd7 12. Re1 Nb6 13. Nc3 Bd6 14. Bxd5 Rc8 15. Be4 Bg6 16. d5 e5 17. Bxg6 hxg6 18. Ne4 Kd7 19. Qf3 f5 20. c3 Rcf8 21. Nxd6 Qxd6 22. Qg3 Re8 23. Rad1 a5 24. h3 Rhf8 25. Qd3 Nc4 26. b3 Na3 27. Bc1 b4 28. Bxa3 bxa3 29. Qb5+ Ke7 30. Qxa5 Rb8 31. Qa7+ Kf6 32. c4 Rfc8 33. Qe3 g5 34. Re2 e4 35. Qd4+ Kg6 36. f3 1-0

[Event "GRE-chT 45th"]
[Site "Achaia"]
[Date "2017.07.04"]
[Round "3.7"]
[White "Houhouli, Hristina"]
[Black "Stratigi, Evangelia"]
[Result "0-1"]
[WhiteElo "1431"]
[BlackElo "1593"]
[PlyCount "94"]
[EventDate "2017.07.03"]
[EventType "team-swiss"]
[EventRounds "7"]
[EventCountry "GRE"]
[SourceTitle "CBM 179 Extra"]
[Source "ChessBase"]
[SourceDate "2017.08.23"]
[SourceVersion "1"]
[SourceVersionDate "2017.08.23"]
[SourceQuality "1"]
[WhiteTeam "Triandrias PG"]
[BlackTeam "Chania OA"]
[WhiteTeamCountry "GRE"]
[BlackTeamCountry "GRE"]

1. e4 e5 2. Nf3 Nf6 3. Nxe5 d6 4. Nf3 Nxe4 5. Nc3 Nxc3 6. dxc3 Be7 7. Be3 0-0 8. Qd2 Nd7 9. 0-0-0 Ne5 10. Nd4 Be6 11. Nxe6 fxe6 12. h3 a6 13. f4 Nc6 14. g4 Re8 15. f5 exf5 16. gxf5 Bf6 17. Bc4+ Kh8 18. Be6 Qe7 19. Rhg1 Nd8 20. Qg2 Nxe6 21. fxe6 Qxe6 22. Bd4 Bxd4 23. Rxd4 Rg8 24. Rh4 Rae8 25. c4 g6 26. Rg4 Qe3+ 27. Kd1 Rgf8 28. Qg3 Qe2+ 29. Kc1 Rf1+ 30. Rxf1 Qxf1+ 31. Kd2 Qe2+ 32. Kc1 Qf1+ 33. Kd2 Re2+ 34. Kc3 Qf5 35. Qd3 Qa5+ 36. Kb3 c5 37. a3 Qd2 38. Re4 Qxd3+ 39. cxd3 Rxe4 40. dxe4 Kg7 41. Kc3 Kf6 42. b4 Ke5 43. bxc5 dxc5 44. Kd3 g5 45. Ke3 b5 46. cxb5 axb5 47. Kd3 h5 0-1

[Event "GRE-ch U20 Girls"]
[Site "Chania"]
[Date "2017.01.06"]
[Round "7.5"]
[White "Stratigi, Evangelia"]
[Black "Filoxeni, Danai"]
[Result "1/2-1/2"]
[WhiteElo "1612"]
[BlackElo "1509"]
[PlyCount "72"]
[EventDate "2017.01.02"]
[EventType "swiss"]
[EventRounds "9"]
[EventCountry "GRE"]
[SourceTitle "EXT 2024"]
[Source "ChessBase"]
[SourceDate "2023.10.10"]
[SourceVersion "1"]
[SourceVersionDate "2023.10.10"]
[SourceQuality "1"]

1. e4 c5 2. Nf3 Nc6 3. Bc4 d6 4. 0-0 Nf6 5. d3 g6 6. c3 Bg7 7. Bb3 0-0 8. h3 b5 9. a4 b4 10. Re1 Qb6 11. Nbd2 Nd7 12. Nc4 Qc7 13. d4 Na5 14. Nxa5 Qxa5 15. Bg5 Re8 16. Qd2 Nf8 17. cxb4 Qxb4 18. Qxb4 cxb4 19. Bd5 Rb8 20. Rac1 h6 21. Be3 e6 22. Bc6 Re7 23. b3 a5 24. d5 Bc3 25. Bd2 Bxd2 26. Nxd2 Ba6 27. Nf3 e5 28. Nd2 Rc7 29. f3 Rbc8 30. Nc4 Bxc4 31. Rxc4 Kg7 32. Kf2 Kf6 33. Rec1 Ke7 34. Bb5 Rxc4 35. Rxc4 Rxc4 36. Bxc4 Nd7 1/2-1/2

[Event "GRE-ch U20 Girls"]
[Site "Chania"]
[Date "2017.01.02"]
[Round "1.10"]
[White "Kaliontzaki, Argyro Evanthia"]
[Black "Stratigi, Evangelia"]
[Result "0-1"]
[WhiteElo "1093"]
[BlackElo "1612"]
[PlyCount "64"]
[EventDate "2017.01.02"]
[EventType "swiss"]
[EventRounds "9"]
[EventCountry "GRE"]
[SourceTitle "EXT 2024"]
[Source "ChessBase"]
[SourceDate "2023.10.10"]
[SourceVersion "1"]
[SourceVersionDate "2023.10.10"]
[SourceQuality "1"]

1. e4 e6 2. d4 d5 3. e5 c5 4. c3 Nc6 5. Nf3 Bd7 6. Be2 f6 7. 0-0 Qc7 8. Bf4 h6 9. Bg3 Qb6 10. Qd2 0-0-0 11. a3 Na5 12. Qc2 Nb3 13. Ra2 Ba4 14. Bd3 f5 15. Nbd2 c4 16. Be2 g5 17. h3 g4 18. hxg4 fxg4 19. Nh4 Nxd4 20. Qxa4 Nxe2+ 21. Kh2 Ne7 22. Qd1 Nxg3 23. Kxg3 Qc7 24. Qe2 Rg8 25. Qe3 Nc6 26. Re1 Nxe5 27. f4 gxf3+ 28. Kh3 Qg7 29. Qxe5 Qg4+ 30. Kh2 Qxh4+ 31. Kg1 Rxg2+ 32. Kf1 Qf2# 0-1

[Event "Heraklion op 18th"]
[Site "Heraklion"]
[Date "2016.09.07"]
[Round "6"]
[White "Stratigi, Evangelia"]
[Black "Alexakis, Dimitris"]
[Result "0-1"]
[WhiteElo "1559"]
[BlackElo "2010"]
[PlyCount "120"]
[EventDate "2016.09.03"]
[EventType "swiss"]
[EventRounds "9"]
[EventCountry "GRE"]
[SourceTitle "CBM 174 Extra"]
[Source "ChessBase"]
[SourceDate "2016.10.10"]
[SourceVersion "1"]
[SourceVersionDate "2016.10.10"]
[SourceQuality "1"]

1. e4 d5 2. exd5 Qxd5 3. Nc3 Qa5 4. d4 Nf6 5. Nf3 c6 6. Bd3 e6 7. 0-0 Bd6 8. Bd2 Qc7 9. Ne2 Nbd7 10. c3 b6 11. Qc1 Bb7 12. Bf4 c5 13. dxc5 Bxf4 14. Qxf4 Qxf4 15. Nxf4 Bxf3 16. gxf3 Nxc5 17. Bb5+ Ke7 18. b4 Nb7 19. Bc6 Rab8 20. c4 Rhc8 21. Bb5 Nd6 22. Ba6 Rc6 23. Rac1 Nd7 24. Rfe1 g6 25. Nd5+ Kf8 26. Nf4 Rd8 27. Nd3 Nb8 28. Ne5 Rc7 29. Bb5 f6 30. Ng4 Kf7 31. Ba4 Rdc8 32. c5 Nf5 33. Red1 bxc5 34. bxc5 h5 35. Ne3 Nxe3 36. fxe3 Ke7 37. c6 Nxc6 38. Bxc6 Rxc6 39. Rxc6 Rxc6 40. Rd2 Rc3 41. Kf2 Ra3 42. Ke2 e5 43. Kf2 a5 44. Ke2 Ke6 45. Kf2 Kf5 46. Re2 Rc3 47. Kg3 g5 48. h3 e4 49. Kf2 Ke5 50. Rb2 Rd3 51. Rb5+ Rd5 52. Rb2 f5 53. Ke2 Rc5 54. Kf2 Rd5 55. Ke2 exf3+ 56. Kxf3 g4+ 57. hxg4 fxg4+ 58. Kg3 Ke4 59. a4 Kxe3 60. Rb5 Ke4 0-1

[Event "GRE-ch U16 Girls"]
[Site "Porto Rio"]
[Date "2016.07.01"]
[Round "6"]
[White "Petraki, Argiro"]
[Black "Stratigi, Evangelia"]
[Result "1-0"]
[WhiteElo "1471"]
[BlackElo "1565"]
[PlyCount "155"]
[EventDate "2016.06.28"]
[EventType "swiss"]
[EventRounds "9"]
[EventCountry "GRE"]
[SourceTitle "CBM 173 Extra"]
[Source "ChessBase"]
[SourceDate "2016.08.29"]
[SourceVersion "1"]
[SourceVersionDate "2016.08.29"]
[SourceQuality "1"]

1. e4 e6 2. d4 d5 3. Nc3 Nf6 4. Bg5 Be7 5. e5 Nfd7 6. h4 h6 7. Bxe7 Qxe7 8. f4 a6 9. Nf3 c5 10. Qd2 Nc6 11. 0-0-0 c4 12. g4 b5 13. a3 Rb8 14. g5 b4 15. axb4 Qxb4 16. Qe3 Qxb2+ 17. Kd2 Nb4 18. Ne1 Na2 19. Nxa2 Qxa2 20. gxh6 Rxh6 21. Qg3 Rg6 22. Qf2 Qa5+ 23. Ke2 Nb6 24. h5 Rh6 25. Qg3 Rh7 26. Rh3 Na4 27. Ra1 Rxh5 28. Rxh5 Nc3+ 29. Kf3 Qxa1 30. Rh8+ Kd7 31. Qh4 Qa5 32. Rf8 f6 33. Rf7+ Kc6 34. Rxg7 f5 35. Qe7 Ne4 36. Kg2 Rb7 37. Qe8+ Kb6 38. Rxb7+ Kxb7 39. Nf3 Qb5 40. Qe7+ Qd7 41. Qb4+ Ka8 42. Qf8 a5 43. Ng5 a4 44. Nxe4 fxe4 45. Kf2 Kb8 46. Qb4+ Kc7 47. Qa5+ Kb8 48. Qb4+ Bb7 49. Bh3 Kc7 50. Qa5+ Kc8 51. Qb6 Bc6 52. Ke3 a3 53. Qa6+ Kd8 54. Qxa3 Ke8 55. Qa6 Kf7 56. Bg4 Kg7 57. Qb6 Kf7 58. Qb1 Kf8 59. Qh1 Kg7 60. Qh5 Qe7 61. Bh3 Qa3+ 62. Kf2 Qc3 63. Qg5+ Kh7 64. Qe7+ Kh8 65. Qd8+ Kh7 66. Qc7+ Kh8 67. Qd8+ Kh7 68. Qe7+ Kh8 69. Qf6+ Kh7 70. Qf7+ Kh8 71. Bxe6 Qxd4+ 72. Kg3 Qg1+ 73. Kh4 Qh2+ 74. Kg5 Qg3+ 75. Bg4 e3 76. Qh5+ Kg8 77. Kf6 Qxf4+ 78. Bf5 1-0

[Event "GRE-ch U16 Girls"]
[Site "Porto Rio"]
[Date "2016.06.28"]
[Round "1"]
[White "Plouska, Antigoni"]
[Black "Stratigi, Evangelia"]
[Result "0-1"]
[WhiteElo "1205"]
[BlackElo "1565"]
[PlyCount "152"]
[EventDate "2016.06.28"]
[EventType "swiss"]
[EventRounds "9"]
[EventCountry "GRE"]
[SourceTitle "CBM 173 Extra"]
[Source "ChessBase"]
[SourceDate "2016.08.29"]
[SourceVersion "1"]
[SourceVersionDate "2016.08.29"]
[SourceQuality "1"]

1. d4 Nf6 2. Nf3 e6 3. e3 b6 4. Bd3 Bb7 5. 0-0 Be7 6. Nbd2 0-0 7. b3 d6 8. Bb2 Nbd7 9. c4 c5 10. Qe2 d5 11. Ne5 Nxe5 12. dxe5 dxc4 13. bxc4 Nd7 14. f4 Re8 15. Rad1 Bf8 16. Ne4 Rc8 17. Ng5 g6 18. Be4 Qc7 19. Bxb7 Qxb7 20. Qg4 Bh6 21. Rf3 Bxg5 22. fxg5 Nf8 23. Rdf1 Rc7 24. h4 Qc8 25. h5 Qd8 26. Rf6 Rce7 27. Qf3 Qc7 28. Rf2 Qb7 29. Qg4 Rd8 30. R6f3 Rd1+ 31. Kh2 Rd3 32. Qf4 Nd7 33. hxg6 fxg6 34. Qh4 Rg7 35. Qf4 Re7 36. Qh4 Rg7 37. Qg4 Qc6 38. Qf4 Re7 39. Qh4 b5 40. Qh6 Rg7 41. Qh4 bxc4 42. Qxc4 Qd5 43. Qf4 Re7 44. a3 Rb3 45. e4 Qb7 46. Rxb3 Qxb3 47. Qd2 Qb7 48. Qd6 Nf8 49. Qxc5 Rf7 50. Rxf7 Kxf7 51. Qf2+ Ke8 52. Qe2 Nd7 53. Bd4 a6 54. Qc4 Ke7 55. Qb4+ Qxb4 56. axb4 Kd8 57. Kg3 Kc7 58. Kf3 Kc6 59. Bc3 Kb5 60. Ke3 Kc4 61. Kd2 Nb6 62. Kc2 Na4 63. Be1 Nb6 64. Bc3 Nc8 65. Kd2 Na7 66. Kc2 Nb5 67. Bd2 Kd4 68. Bf4 Kxe4 69. g3 Nd4+ 70. Kc3 Kd5 71. Kb2 Kc4 72. Ka3 Nc2+ 73. Ka4 Nxb4 74. Ka5 Nd3 75. Kxa6 Kd5 76. Kb6 Nxe5 0-1

[Event "Heraklion Gazi op 11th"]
[Site "Heraklion"]
[Date "2015.07.25"]
[Round "1"]
[White "Stratigi, Evangelia"]
[Black "Goossens, Hanne"]
[Result "0-1"]
[WhiteElo "1529"]
[BlackElo "2206"]
[PlyCount "94"]
[EventDate "2015.07.25"]
[EventType "swiss"]
[EventRounds "9"]
[EventCountry "GRE"]
[SourceTitle "CBM 167 Extra"]
[Source "ChessBase"]
[SourceDate "2015.09.14"]
[SourceVersion "1"]
[SourceVersionDate "2015.09.14"]
[SourceQuality "1"]

1. e4 c5 2. Nf3 d6 3. Bb5+ Nc6 4. 0-0 Bd7 5. Re1 a6 6. Bf1 Bg4 7. c3 Ne5 8. d4 Nxf3+ 9. gxf3 Bd7 10. Bf4 e6 11. Nd2 Qf6 12. Be3 e5 13. d5 Ne7 14. Nc4 Ng6 15. Nb6 Rd8 16. Nxd7 Rxd7 17. Bh3 Rc7 18. Qa4+ Kd8 19. Bg2 Nh4 20. Kf1 Nxf3 21. Bxf3 Qxf3 22. b4 Qh1+ 23. Ke2 Qxe4 24. Kd2 Qxd5+ 25. Kc2 Qc6 26. Qxc6 Rxc6 27. bxc5 dxc5 28. Rad1+ Kc7 29. f4 Bd6 30. fxe5 Bxe5 31. Rd5 f6 32. Bxc5 Rd8 33. Rxd8 Kxd8 34. Bb4 b6 35. Re3 a5 36. Bf8 g6 37. Bg7 Ke7 38. h4 Ke6 39. Bh6 Rc4 40. Rh3 b5 41. Kb3 a4+ 42. Kb2 b4 43. Bd2 bxc3+ 44. Bxc3 Rxc3 45. Rxc3 Bxc3+ 46. Kxc3 f5 47. Kb4 f4 0-1

[Event "GRE-ch U16 Girls"]
[Site "Rio Achaia"]
[Date "2015.06.30"]
[Round "5.5"]
[White "Stratigi, Evangelia"]
[Black "Houhouli, Hristina"]
[Result "1-0"]
[WhiteElo "1529"]
[BlackElo "1430"]
[PlyCount "173"]
[EventDate "2015.06.26"]
[EventType "swiss"]
[EventRounds "9"]
[EventCountry "GRE"]
[SourceTitle "EXT 2024"]
[Source "ChessBase"]
[SourceDate "2023.10.10"]
[SourceVersion "1"]
[SourceVersionDate "2023.10.10"]
[SourceQuality "1"]

1. e4 c5 2. Nf3 Nc6 3. Bb5 Nf6 4. d3 a6 5. Bxc6 dxc6 6. 0-0 g6 7. Re1 Bg7 8. Nbd2 b5 9. Nf1 0-0 10. Ng3 Re8 11. c3 e5 12. Be3 Qd6 13. h3 Qe7 14. Qc2 Bb7 15. Rad1 Rad8 16. Qc1 a5 17. Bh6 b4 18. Bxg7 Kxg7 19. Qg5 Kh8 20. h4 Ng8 21. Qxe7 Rxe7 22. h5 Ba6 23. c4 Nf6 24. hxg6 hxg6 25. Ne2 Bc8 26. Nc1 a4 27. g3 Bg4 28. Kg2 Nd7 29. Rh1+ Kg7 30. Rh4 Bxf3+ 31. Kxf3 Ree8 32. Rdh1 Nf8 33. Ke3 Ne6 34. Rh7+ Kf6 35. Ne2 Nd4 36. Nxd4 Rxd4 37. Rh8 Red8 38. Rxd8 Rxd8 39. f4 Re8 40. fxe5+ Kxe5 41. Rf1 f5 42. exf5 gxf5 43. Rh1 Rg8 44. Re1 Rxg3+ 45. Kf2+ Kf4 46. Rd1 Rg4 47. b3 a3 48. d4 cxd4 49. Rxd4+ Ke5 50. Rd8 Rd4 51. Re8+ Kd6 52. Ke3 Rh4 53. Rd8+ Ke7 54. Rd2 Re4+ 55. Kf2 Ke6 56. c5 Kf6 57. Rd6+ Re6 58. Rd4 Re5 59. Rd6+ Re6 60. Rd4 Re5 61. Rd6+ Ke7 62. Rxc6 Kd7 63. Rd6+ Kc7 64. Rd2 Kc6 65. Kf3 Rxc5 66. Kf4 Rd5 67. Rc2+ Kd6 68. Re2 Kc5 69. Rc2+ Kd6 70. Re2 Rb5 71. Kg5 Re5 72. Rd2+ Ke6 73. Kf4 Re4+ 74. Kf3 Ke5 75. Rc2 Kd4 76. Rd2+ Ke5 77. Rc2 f4 78. Rc5+ Kd4 79. Rc4+ Kd3 80. Rxe4 Kc3 81. Re2 Kd3 82. Rh2 Kc3 83. Kxf4 Kd3 84. Ke5 Kc3 85. Kd5 Kd3 86. Kc5 Kc3 87. Kb5 1-0

[Event "GRE-ch U16 Girls"]
[Site "Rio Achaia"]
[Date "2015.06.29"]
[Round "4.6"]
[White "Grammatikaki, Aggeliki"]
[Black "Stratigi, Evangelia"]
[Result "0-1"]
[WhiteElo "1312"]
[BlackElo "1529"]
[PlyCount "134"]
[EventDate "2015.06.26"]
[EventType "swiss"]
[EventRounds "9"]
[EventCountry "GRE"]
[SourceTitle "EXT 2024"]
[Source "ChessBase"]
[SourceDate "2023.10.10"]
[SourceVersion "1"]
[SourceVersionDate "2023.10.10"]
[SourceQuality "1"]

1. e4 c5 2. Nf3 d6 3. Bb5+ Nc6 4. 0-0 a6 5. Bxc6+ bxc6 6. Re1 e5 7. d3 h6 8. c3 Bg4 9. h3 Bd7 10. Be3 Nf6 11. Nbd2 Be7 12. Nf1 0-0 13. Ng3 Re8 14. d4 cxd4 15. cxd4 exd4 16. Nxd4 Bf8 17. Bd2 c5 18. Nb3 Bc6 19. Ba5 Qb8 20. Qc2 Qb7 21. f3 Qb8 22. Nf5 Bd7 23. Ne3 Qa7 24. Kh1 Rac8 25. Nc4 Bb5 26. Rad1 Re6 27. Rd2 Bxc4 28. Qxc4 d5 29. Qc2 dxe4 30. fxe4 Rce8 31. Rde2 Nh5 32. Re3 Bd6 33. Qc4 Ng3+ 34. Kg1 Bf4 35. Rf3 Rxe4 36. Rxe4 Rxe4 37. Qd5 c4+ 38. Nc5 Re5 39. Qd8+ Kh7 40. Rxf4 Ne2+ 41. Kh2 Nxf4 42. Bb6 Qe7 43. Qd4 Qg5 44. g4 Re2+ 45. Kg3 Ne6 46. Nxe6 Rxe6 47. a4 Qe5+ 48. Kf3 Qxd4 49. Bxd4 Kg6 50. Kf4 f6 51. h4 h5 52. Bc3 hxg4 53. Kxg4 Re4+ 54. Kg3 Kh5 55. Kf3 Rxh4 56. Ke3 Kg5 57. Be1 Rh2 58. Bc3 Kf5 59. Kd4 Rh4+ 60. Kc5 Re4 61. Kb6 Re6+ 62. Kc5 g5 63. Kxc4 g4 64. b4 g3 65. b5 axb5+ 66. axb5 g2 67. Bd4 Re4 0-1

[Event "GRE-ch U16 Girls"]
[Site "Rio Achaia"]
[Date "2015.06.26"]
[Round "1.5"]
[White "Stratigi, Evangelia"]
[Black "Lalou, Konstantina"]
[Result "1/2-1/2"]
[WhiteElo "1529"]
[BlackElo "1406"]
[PlyCount "114"]
[EventDate "2015.06.26"]
[EventType "swiss"]
[EventRounds "9"]
[EventCountry "GRE"]
[SourceTitle "EXT 2024"]
[Source "ChessBase"]
[SourceDate "2023.10.10"]
[SourceVersion "1"]
[SourceVersionDate "2023.10.10"]
[SourceQuality "1"]

1. e4 e5 2. Nf3 d6 3. d4 Nf6 4. Nc3 Nbd7 5. h3 Be7 6. g4 0-0 7. g5 Ne8 8. Nd5 c6 9. Nxe7+ Qxe7 10. Nh4 g6 11. Be3 Ng7 12. f3 Ne6 13. dxe5 dxe5 14. Qd2 b5 15. Ng2 a6 16. h4 Ng7 17. Rd1 Rd8 18. Qd6 Qe6 19. Qxe6 Nxe6 20. Ke2 Bb7 21. Ne1 Ndc5 22. Rxd8+ Rxd8 23. c3 Kf8 24. Bh3 Ke7 25. Bxe6 Nxe6 26. Nd3 f6 27. gxf6+ Kxf6 28. Bg5+ Nxg5 29. hxg5+ Kxg5 30. Nxe5 Re8 31. Rxh7 Rxe5 32. Rxb7 Re6 33. Rb6 a5 34. b3 Kf4 35. Rb7 Rf6 36. Ra7 a4 37. bxa4 bxa4 38. Rxa4 g5 39. Kf2 g4 40. fxg4 Kxg4+ 41. Kg2 Kf4 42. Rc4 Rg6+ 43. Kf2 Rh6 44. a4 Rh2+ 45. Kg1 Ra2 46. Kf1 Kf3 47. Ke1 Ke3 48. Rd4 Ra1+ 49. Rd1 Rxa4 50. e5 Re4 51. Rd6 Rxe5 52. Rxc6 Kd3+ 53. Kd1 Re4 54. Kc1 Rc4 55. Rxc4 Kxc4 56. Kd2 Kc5 57. Kd3 Kd5 1/2-1/2